Noctambule, Solann paroles - Statistiques

Statistiques générales
  • Ce quiz a été pris 11 fois
  • Le résultat moyen est 229 sur 249
Statistiques - réponses
Réponse % Correct
à
100%
ballade,
100%
beaux
100%
de
100%
d'en
100%
Eh
100%
eh
100%
en
100%
est
100%
et
100%
gens
100%
haut
100%
hurler,
100%
il
100%
je
100%
la
100%
le
100%
les
100%
nuit
100%
oh,
100%
on
100%
On
100%
quand
100%
qui
100%
répond
100%
s'en
100%
Si
100%
sont
100%
tard
100%
te
100%
t'emmène
100%
va
100%
vide
100%
Viens
100%
viens
100%
voir
100%
belle
89%
buvards
89%
caissons
89%
Ce
89%
ce
89%
chez
89%
chute
89%
dans
89%
des
89%
Entre
89%
folie
89%
grandeurs
89%
humain
89%
j'ai
89%
j'aime
89%
j'veux
89%
l'être
89%
Mais
89%
malade,
89%
non ?
89%
nos
89%
noyade,
89%
pas
89%
préfères
89%
prétentieux
89%
Que
89%
que
89%
rendre
89%
sauver
89%
serait
89%
sur
89%
tes
89%
T'es
89%
tout
89%
ville
89%
yeux
89%
danger
78%
d'essayer
78%
d'te
78%
du
78%
flottent
78%
hasards
78%
jusqu'à
78%
pieds
78%
respire
78%
tessons
78%
tu
78%
user
78%
avouer
67%
battre
67%
blâmer
67%
chamade,
67%
cœurs
67%
connerie
67%
corps
67%
d'adieux
67%
fuit
67%
hauteur
67%
Laisser
67%
l'embrassade,
67%
Lier
67%
muscles
67%
pavés
67%
portent
67%
pouvoir
67%
prendre
67%
satiété
67%
sentier
67%
sûre
67%
basses
56%
hors
56%
l'air
56%
pur
56%
s'barre
56%
vibrer
56%
rejoindre
33%
Aucun quiz correspondant
Distribution des résultats
% des personnes avec chaque résultat
Percentile par nombre de réponses
Votre historique - résultats
Vous n’avez pas pris ce quiz